00636nam a2200181 a 450000100100000000500170001000800410002704000250006808200150009324500380010826000550014630000270020149000400022883000470026804900090031595201130032499900170043700003198820200930063333.0110707s19uu dr a 000 0 spa d aDO-SdBNPbspacBNPHU axxxxbF19803aLa familia :bmi equipo favorito. a[Santo Domingo :bEdiciones Divulgativas,c19--?]. a11 p. :bil. ;c21 cm.1 aNiño, familia y comunidadvno. 17 0aNiño, familia y comunidadvno. 17958147 aBNPD 0010718PDaPDbPDcCTd2011-07-07iLF1l0oxxxx F198p31988-10r2020-06-25w2020-06-25yLFPDZNo se presta c31479d31479